000 01006nam a2200229 i 4500
001 165511
003 ES-MaACL
005 20250815110842.0
008 960520s1880 sp |||| | spa d
040 _aCLM
_bspa
_cCCPB | SIC
100 1 _aSolano y Eulate, José María.
_9107091
245 1 0 _aDiscurso leido en la Universidad Central en la solemne inauguración del curso académico de 1880 á 1881
_b: [tema: relación entre la geología y la revelación] /
_cpor José María Solano y Eulate.
260 _aMadrid :
_b[s.n.],
_c1880 (
_fImp. J.M. Ducazcal)
300 _a62 p. ;
_c28 cm.
530 _aDisponible en formato digital.
650 0 7 _aGeología
_2embne
_913086
710 2 0 _aUniversidad Central (Madrid)
_97084
852 _aES-MaACL
_j1602-F-5
_zRevisado enlace: 01 de Abril de 2025
_9171857
_cDEPOF
_xEncuadernación en Rústica
856 _uhttp://bdh-rd.bne.es/viewer.vm?id=0000077366&page=1
_yBiblioteca Digital Hispánica
942 _2udc
999 _c165511
_d165511